000 00289nam a22001337a 4500
008 170523b xxu||||| |||| 00| 0 eng d
020 _a0396085172
041 _aeng
080 _a94(7/8)
100 _a16
101 _aSHH
245 _aINSIDE THE LEAGUE
_cANDERSON, S
942 _2udc
_cBK
999 _c13849
_d13849